000 00588nam a2200217 a 4500
008
020 _a0340645954 (pbk.)
049 _aMAIN
090 _aQC670
_bSIB
100 1 _aSibley, Martin.
245 1 0 _aIntroduction to electromagnetism/
_cMartion Sibley.
260 _aOxford :
_bNewnes,
_c1996.
300 _axvi, 181p. :
_bill. ;
_c25cm.
500 _aIncludes index.
650 1 _aElectromagnetism
907 _a.b1026999x
_b22-10-09
_c20-10-09
003
005 20230123124957.0
040 _cNUST
942 _cBOOKS
_kQC670
_mSIB
999 _c133567
_d133567